000 00612nam a2200229Ia 4500
003 OSt
005 20220928122348.0
006 a|||||r|||| 00| 0
007 ta
008 220927b |||||||| |||| 00| 0 eng d
024 _a33041
037 _cTextual
040 _aSDCL
_cSDCL
_beng
041 _2eng
_aeng
082 _aSigma:f.3'N7, L8
100 _aBulmer Martin Ed.
_9457771
245 0 _aSocial policy research.
260 _aLondon
_bMacmillan Press
_c1978
300 _axiv,373p
_ccm.
942 _hSigma:f.3'N7, L8
_cTEXL
_2CC
999 _c771191
_d771191